01151cam a2200277 a 450000100100000000500170001000800410002702000150006803500190008304000230010208200200012524500840014526000470022930000250027650001250030150400510042665100620047765000580053965000350059770000350063270000250066791000340069204900090072695201230073599900150085800000693220200929154027.0780208s1977 ja b 001 0 eng  a0860081788 a(DLC) 77379481 aDO-SdBNPcDLCdDLC a320.950bO69ó04aThe Origins of the cold war in Asia /ceditado por Yonosuke Nagai yAkira Iriye. aTokio :bUniversity of Tokio Press,c1977. aix, 448 p. ;c24 cm. aIncluye documentos presentados originalmente en un simposio internacional celebrado en Kyoto, Japón, Nov. 27-30, 1975. aIncluye bibliografía, p. 437-440 e índice. 4aAsiaxPolítica Y Gobiernoy1945-1989vCONGRESOS.919225 4aPolítica internacionaly1945-1989vCONGRESOS919226 4aGuerra friavCONGRESOS.9192271 aNagai, Yonosuke,d1924-9192281 aIriye, Akira.919229 aCatalogación por copia / LC aBNGR 001052708MOaGRbGRcCTd2009-09-03iLF1l0o320.950 O69óp6932-10r2020-06-25w2020-06-25y2ZPréstamo interno c6716d6716